000 01389cam a22002174a 4500
005 20250605164033.0
008 250528s ||||||||||||||||||||||||d
035 _a16704
020 _a77108264
040 _aGR-AtMCL
_bgre
_dGR-AtMCL
_eAACR2
245 1 _aEntrepreneurship and Small Firms / Fourth Edition
250 _a4th
260 _bMcgraw Hill Publishing Company,
_c2006
300 _a292
520 _aA comprehensive analysis of the entrepreneurship by integrating academic theory with the day to day realities the entrepreneurs may encounter. Preface, Guided Tour, Technology to Enhance Learning and Teaching, The Entrepreneur: Concepts and Evidence, Entrepreneurial Activity and the Economy and the Importance of Small Firms, Diversity in Entrepreneurship: The Role of Women and Ethnic Minorities, Sources of Venture Finance: Overview of Issues and Debt Finance, Sources of Venture finance, Innovation of Entrepreneurship, Information and Communications Technologies and E-Business by Dr Laura Galloway, Entrepreneurial and Growth Firms, International Entrepreneurship, Family Businesses by Professor William Keogh, Issues in Business Start-Up, Preparation for Business Start Up: Research and Design and Implementation of Business Plans, Index.
700 1 _aDeakins David
_92791
700 1 _aFreel Mark
_92792
942 _cBK
999 _c2177
_d2177